| 000 | 00527nam a2200169Ia 4500 | ||
|---|---|---|---|
| 003 | SGT | ||
| 020 | _a9788185240833 | ||
| 082 |
_a620.11 _bJAI |
||
| 100 | _aJain,Ashok K | ||
| 245 | _aStrength of materials and structural analysis | ||
| 250 | _a2nd Ed. | ||
| 260 |
_bNem Chand & Bros _aRoorkee _c2008 |
||
| 300 | _a663p. | ||
| 650 | _aMECHANICAL ENGINEERING | ||
| 653 | _aINTRODUCTION, PROPERTIES OF MATERIALS,PROPERTIES OF SECTIONS,AXIAL STRESS AND DEFORMATIONS IN BARS,SHEAR STRESS IN RIVETS AND WELDS | ||
| 942 |
_2ddc _cBK _013 |
||
| 999 |
_c5312 _d5312 |
||